000 00643nam a2200229Ia 4500
003 OSt
005 20220923230134.0
006 a|||||r|||| 00| 0
007 ta
008 Pun
024 _a277,699
037 _cTextual
040 _aARTS
_cARTS
_bPun
041 _2Pun
_aPun
082 _aO153,3NLAx, L3
100 _aਲੱਖੀਆ, ਹਰਪਾਲ ਸਿੰਘ
_9156274
245 0 _aਰੁੱਤ ਆਵੇ ਰੁੱਤ ਜਾਵੇ
260 _c1973
650 _aਪੰਜਾਬੀ ਸਾਹਿਤ
942 _hO153,3NLAx, L3
_cTEXL
_2CC
999 _c382751
_d382751